Name Every Big Brother Houseguest There Has Ever Been (US) - Statistics

General Stats
  • This quiz has been taken 7,395 times
    2,747 since last reset
  • The average score is 146 of 307
Answer Stats
Season(s) Houseguest % Correct
10,14 Dan
87%
16,18,22 | 2 | 21, 22 Nicole
84%
14 Wil
84%
20 Swaggy C
82%
14,18 Frank
80%
2,7,14 Mike
80%
12,13 | 6 | 20 Rachel
80%
17,18 | 6,7 | 9 | CBB1 James
79%
16,22 | 19 Cody
78%
21 Jack
78%
18,19 Paul
78%
2,7 | 5 Will
78%
1 William
78%
14 | 3,7 | OTT Danielle
77%
4 Jack
77%
6,7,14,22 Janelle
76%
17 | 20 Steve
73%
8 | 19 | 21 Jessica
72%
1 | 3 | 19 Josh
72%
5 | 8 Mike
72%
1 | 11,13 Jordan
71%
9 | 12 Matt
71%
11,13 | 17 Jeff
70%
20,22 Tyler
70%
8,13 Dick
69%
14,22 Ian
69%
18 Victor
68%
4 | 15 | 21 David
67%
12 | 16 Hayden
67%
17,OTT | 3 | 19 Jason
67%
8 | 9 Jen
67%
8 | 16 Zach
67%
16 Derrick
66%
8 | 14 Joe
66%
21 Nick
66%
16 Frankie
65%
8 | 15 Nick
65%
5 Michael
64%
17,18,22 Da'vonne
63%
5 | 9 | 11 | +2 others Natalie
63%
4 | 9 | 15 Amanda
62%
17 John
62%
6,7,22 Kaysar
62%
3 | 6 | 8 Eric
61%
14 Jenn
61%
11,22 | 19 Kevin
61%
4 | 10 | 18 Michelle
61%
15 Andy
60%
21 Jackson
60%
10,22 Memphis
60%
17 Vanessa
60%
9 | 13 Adam
59%
21 Holly
59%
5,7 Jennifer
59%
10,11 | 15 Jessie
59%
17 Julia
59%
17 Liz
59%
9 | 19 | OTT Alex
58%
5 Holly
58%
4 | 5 | OTT Scott
58%
8 | 16 Amber
57%
12,14 Britney
57%
1 | 16 Brittany
57%
19,22 Christmas
57%
1 George
57%
4 Jun
57%
6 Michael
57%
20 Rockstar
57%
20 Angela
56%
12,13 Brendon
55%
12,22 Enzo
55%
18 Paulie
55%
19 | CBB1 Mark
54%
CBB2 Tom
54%
16 Victoria
54%
1 Eddie
53%
10,22 Keesha
53%
20 | 21 Sam
53%
17 Austin
52%
20,22 Bayleigh
52%
3 Lisa
52%
6 Maggie
52%
16 Caleb
51%
6,7 Howie
51%
20 Kaycee
51%
6 Jennifer
50%
10 Jerry
50%
8,13,22 Daniele
49%
6 | 10 April
48%
16 Christine
48%
15 GinaMarie
47%
17 Meg
47%
6 Sarah
47%
15 Aaryn
46%
16 Donny
46%
16 Devin
45%
5 Drew
45%
20 JC
45%
21 Tommy
45%
4,7 Alison
44%
3 Amy
44%
18 Corey
44%
4,7 Erika
44%
6 Ivette
44%
2 | 4 | OTT Justin
44%
13 Shelly
44%
20 Brett
43%
21 Christie
43%
15 Helen
43%
16 | CBB2 Joey
43%
12 Lane
43%
19 Raven
43%
9 | CBB2 Ryan
43%
15 Elissa
42%
14 Ashley
41%
10 Brian
41%
20 Kaitlyn
41%
10 Libra
41%
14 | OTT Shane
41%
17 Clay
40%
21 Cliff
40%
5,7 Diane
40%
2 Monica
40%
2 | CBB1 Shannon
40%
12 Andrew
39%
13 Dominic
39%
19 Elena
39%
CBB2 Kandi
39%
3,7 Marcellas
39%
15 McCrae
39%
15 Spencer
39%
18 Tiffany
39%
20 Haleigh
38%
15 Howard
38%
1 | 5 Karen
38%
13 Porsche
38%
10 Renny
38%
4 Robert
38%
12 Annie
37%
6 Beau
37%
18 Bridgette
37%
2 Bunky
37%
11 Chima
37%
20 Faysal
37%
17 Jackie
37%
4 Jee
37%
15 Jeremy
37%
20 Scottie
37%
10 Steven
37%
2 Hardy
36%
5,7 Jase
36%
16 Jocasta
36%
14 Jodi
36%
10 Ollie
36%
16 Paola
36%
14 Willie
36%
20 Winston
36%
9 Allison
35%
10 Angie
35%
18 Bronte
35%
15 Candice
35%
17 Jace
35%
15 Judd
35%
12 Kristen
35%
19 Matthew
35%
12 Ragan
35%
11 Russell
35%
13 Kalia
34%
12 Kathy
34%
21 Kemi
34%
11 Lydia
34%
OTT Morgan
34%
21 Ovi
34%
17 Audrey
33%
17 Becky
33%
21 Bella
33%
8 Dustin
33%
17 Shelli
33%
13 Cassi
32%
8 Kail
32%
2 Krista
32%
12 Monet
32%
9 Sheila
32%
6 Ashlea
31%
18 Jozea
31%
11 Laura
31%
13 Lawon
31%
19 Megan
31%
11 Ronnie
31%
5 Adria
30%
21 Analyse
30%
19 Cameron
30%
8 Jameka
30%
14 Jojo
30%
14 Kara
30%
13 Keith
30%
11 Michele
30%
4 Nathan
30%
18 Zakiyah
30%
2 Autumn
29%
11 Casey
29%
1 Cassandra
29%
18 Glenn
29%
1 Jamie
29%
2 Kent
29%
9 Sharon
29%
8 Carol
28%
1 Curtis
28%
3 | 5 Lori
28%
11 Braden
27%
5 Marvin
27%
CBB2 Tamar
27%
4 Dana
26%
3 Gerry
26%
9 Jacob
26%
9 Parker
26%
3 Roddy
26%
19 Dominique
25%
19 Ramses
25%
19 Jillian
24%
15 Kaitlin
24%
21 Kathryn
24%
CBB1 Ross
24%
2 Sheryl
24%
3 Chiara
22%
CBB1 Marissa
22%
3 Tonya
22%
9 Chelsia
21%
9 Neil
21%
OTT Cornbread
18%
CBB1 Omarosa
18%
OTT Shelby
18%
CBB2 Anthony
17%
9 Joshuah
17%
OTT Monte
17%
CBB2 Jonathan
16%
CBB1 Metta
16%
CBB2 Ricky
16%
OTT Whitney
16%
CBB2 Lolo
15%
CBB1 Brandi
13%
CBB1 Chuck
12%
CBB2 Kato
12%
CBB1 Ariadna
11%
OTT Kryssie
11%
OTT Neeley
11%
CBB2 Dina
9%
CBB1 Keshia
8%
No matching quizzes found
Score Distribution
Percent of People with Each Score
Percentile by Number Answered
Your Score History
You have not taken this quiz since the last reset